[Event "Moscow CCL Winter"]
[Site "Moscow"]
[Date "2024.03.13"]
[Round "8"]
[White "Sargissyan, Sargis"]
[Black "Rostovtsev, Dmitry"]
[Result "0-1"]
[WhiteElo "2275"]
[BlackElo "2252"]
[PlyCount "54"]
[EventDate "2024.03.08"]
[EventType "tourn"]
[EventRounds "9"]
[EventCountry "RUS"]
[EventCategory "1"]
[SourceTitle "CB13_2024"]
[SourceDate "2024.03.27"]
[SourceVersion "1"]
[SourceVersionDate "2024.03.27"]
[SourceQuality "1"]

1. e4 e5 2. Nf3 Nc6 3. Bb5 Nge7 4. d4 exd4 5. Nxd4 Ng6 6. Nf5 d5 7. 0-0 dxe4 8. Qh5 Qd7 9. Ng3 f5 10. Nc3 Qf7 11. f3 Bc5+ 12. Kh1 e3 13. f4 0-0 14. Nge4 Be7 15. Ng3 Nd4 16. Bd3 Qe6 17. Bxe3 Qxe3 18. Rae1 Qd2 19. Rd1 Nxf4 20. Rxd2 Nxh5 21. Bc4+ Be6 22. Bxe6+ Nxe6 23. Nxh5 Bg5 24. Rd5 g6 25. Re1 Rfe8 26. Rde5 Kf7 27. Ng3 Bf6 0-1

[Event "Moscow CCL Winter"]
[Site "Moscow"]
[Date "2024.03.11"]
[Round "6"]
[White "Tologontegin, Semetey"]
[Black "Rostovtsev, Dmitry"]
[Result "1/2-1/2"]
[WhiteElo "2349"]
[BlackElo "2252"]
[PlyCount "120"]
[EventDate "2024.03.08"]
[EventType "tourn"]
[EventRounds "9"]
[EventCountry "RUS"]
[EventCategory "1"]
[SourceTitle "CB13_2024"]
[SourceDate "2024.03.27"]
[SourceVersion "1"]
[SourceVersionDate "2024.03.27"]
[SourceQuality "1"]

1. d4 d5 2. Bf4 Nf6 3. e3 c5 4. c3 Nc6 5. Nd2 e6 6. Bd3 Bd6 7. Bxd6 Qxd6 8. f4 cxd4 9. cxd4 Bd7 10. a3 0-0 11. Ngf3 Ne7 12. Qe2 Nf5 13. Ne5 h5 14. 0-0 Rac8 15. Rfc1 g6 16. Ndf3 Kg7 17. Qd2 Rfd8 18. Ng5 Be8 19. h3 Ng3 20. Qe1 Nge4 21. Bxe4 Nxe4 22. Nxe4 dxe4 23. Rxc8 Rxc8 24. Rc1 Rxc1 25. Qxc1 f6 26. Nc4 Qc7 27. Qc3 b5 28. Na5 Qxc3 29. bxc3 h4 30. Kf2 Kf7 31. g3 hxg3+ 32. Kxg3 Ke7 33. h4 Kd6 34. Kf2 Bd7 35. Ke2 Bc6 36. Nb3 Kd5 37. Kd2 Kd6 38. Na5 Bd5 39. a4 a6 40. axb5 axb5 41. c4 bxc4 42. Kc3 f5 43. Kb4 Kc7 44. Nxc4 Bxc4 45. Kxc4 Kc6 46. Kc3 Kc7 47. Kb3 Kb7 48. Ka3 Ka7 49. Kb2 Kb8 50. Kc1 Kc7 51. Kd2 Kd8 52. Kc2 Kc8 53. Kb3 Kb7 54. Ka3 Ka7 55. Kb4 Kb6 56. Kc3 Kc7 57. Kb3 Kb7 58. Ka3 Ka7 59. Kb4 Kb6 60. Kc4 Kc6 1/2-1/2

[Event "Titled Tuesday intern op 06th Feb Late"]
[Site "Chess.com INT"]
[Date "2024.02.06"]
[Round "4"]
[White "Domingo Nunez, Ruben"]
[Black "Rostovtsev, Dmitry"]
[Result "1-0"]
[WhiteElo "2446"]
[BlackElo "2252"]
[PlyCount "63"]
[EventDate "2024.02.06"]
[EventType "swiss (blitz)"]
[EventRounds "11"]
[EventCountry "USA"]
[SourceTitle "CB07_2024"]
[SourceDate "2024.02.14"]
[SourceVersion "1"]
[SourceVersionDate "2024.02.14"]
[SourceQuality "1"]

1. c4 e5 2. g3 c6 3. d4 e4 4. d5 Bb4+ 5. Bd2 Qe7 6. a3 Bxd2+ 7. Qxd2 d6 8. Nc3 c5 9. Bg2 f5 10. h4 Nd7 11. Nh3 Ne5 12. b3 Nf6 13. Nf4 g6 14. Kd1 e3 15. fxe3 Neg4 16. Bf3 Nf2+ 17. Kc2 Nxh1 18. Rxh1 Bd7 19. h5 g5 20. Ne6 Bxe6 21. dxe6 0-0-0 22. Nd5 Qxe6 23. Qa5 Nxd5 24. Bxd5 Qe7 25. Qxa7 Kd7 26. Qa4+ Kc7 27. Qa5+ Kb8 28. b4 Qxe3 29. Qb5 Qxe2+ 30. Kb3 Qd3+ 31. Ka4 Qc2+ 32. Ka5 1-0

[Event "Titled Tuesday intern op 06th Feb Late"]
[Site "Chess.com INT"]
[Date "2024.02.06"]
[Round "9"]
[White "Rostovtsev, Dmitry"]
[Black "Bellahcene, Bilel"]
[Result "1-0"]
[WhiteElo "2252"]
[BlackElo "2516"]
[PlyCount "117"]
[EventDate "2024.02.06"]
[EventType "swiss (blitz)"]
[EventRounds "11"]
[EventCountry "USA"]
[SourceTitle "CB07_2024"]
[SourceDate "2024.02.14"]
[SourceVersion "1"]
[SourceVersionDate "2024.02.14"]
[SourceQuality "1"]

1. d4 Nf6 2. c4 e6 3. Nc3 c5 4. Nf3 cxd4 5. Nxd4 Qc7 6. e4 Bb4 7. f3 a6 8. Be3 0-0 9. Rc1 Nc6 10. Be2 Nxd4 11. Bxd4 Bc5 12. 0-0 d6 13. Qd2 e5 14. Bf2 Be6 15. b3 Rfd8 16. Rfd1 Ne8 17. Nd5 Bxf2+ 18. Kxf2 Bxd5 19. cxd5 Qb6+ 20. Qe3 Qxe3+ 21. Kxe3 Rac8 22. g3 Kf8 23. Bf1 Rb8 24. a4 a5 25. Rc2 Ke7 26. Rdc1 g6 27. Bb5 h5 28. f4 exf4+ 29. gxf4 Nf6 30. Rc7+ Kf8 31. Kd4 Kg7 32. Re7 Ng8 33. Rec7 Nf6 34. R1c2 h4 35. Rg2 h3 36. Rgc2 Nh5 37. e5 dxe5+ 38. fxe5 Nf4 39. d6 Ne6+ 40. Ke4 Rh8 41. Re7 Rh4+ 42. Ke3 Nd4 43. Rf2 Nf5+ 44. Rxf5 gxf5 45. d7 Rd8 46. e6 Re4+ 47. Kf3 Rxe6 48. Re8 Rxd7 49. Bxd7 Rb6 50. Bb5 Rd6 51. Kg3 Rd2 52. Kxh3 Kf6 53. Bc4 Kg5 54. Kg3 f4+ 55. Kf3 Rxh2 56. Re5+ Kf6 57. Rxa5 Rh3+ 58. Kxf4 Ke7 59. Rb5 1-0

[Event "Titled Tuesday intern op 23rd Jan Late"]
[Site "Chess.com INT"]
[Date "2024.01.23"]
[Round "4"]
[White "Rostovtsev, Dmitry"]
[Black "Keller, Peter1"]
[Result "1-0"]
[WhiteElo "2252"]
[BlackElo "2289"]
[PlyCount "93"]
[EventDate "2024.01.23"]
[EventType "swiss (blitz)"]
[EventRounds "11"]
[EventCountry "USA"]
[SourceTitle "CB05_2024"]
[SourceDate "2024.01.31"]
[SourceVersion "1"]
[SourceVersionDate "2024.01.31"]
[SourceQuality "1"]

1. d4 Nf6 2. c4 e6 3. Nc3 Bb4 4. e3 0-0 5. Bd2 d5 6. Nf3 b6 7. cxd5 exd5 8. Rc1 Re8 9. Bd3 Bb7 10. 0-0 Nbd7 11. Nb5 Bxd2 12. Qxd2 a6 13. Nxc7 Ne4 14. Qe2 Re6 15. Nxe6 fxe6 16. Bxe4 dxe4 17. Nd2 e5 18. d5 Nc5 19. Nc4 Nd3 20. Rc2 Bxd5 21. a3 Rc8 22. b3 b5 23. Na5 Rxc2 24. Qxc2 Qxa5 25. Qc8+ Kf7 26. Qd7+ Kf6 27. Qxd5 Qxa3 28. Qxe4 Qxb3 29. Qc6+ Kf7 30. Qxa6 b4 31. Qb7+ Kg6 32. Qc6+ Kf7 33. Ra1 h6 34. h4 Qc3 35. Ra7+ Kg8 36. Qxc3 bxc3 37. Rc7 Nc1 38. Kf1 Na2 39. Ke2 e4 40. Rc4 Kf7 41. Kd1 Ke6 42. Rxe4+ Kd5 43. Rd4+ Kc5 44. Kc2 g5 45. hxg5 hxg5 46. Rg4 Kc6 47. Rxg5 1-0

[Event "Titled Tuesday intern op 16th Jan Late"]
[Site "Chess.com INT"]
[Date "2024.01.16"]
[Round "8"]
[White "Hambleton, Aman"]
[Black "Rostovtsev, Dmitry"]
[Result "0-1"]
[WhiteElo "2420"]
[BlackElo "2252"]
[PlyCount "54"]
[EventDate "2024.01.16"]
[EventType "swiss (blitz)"]
[EventRounds "11"]
[EventCountry "USA"]
[SourceTitle "CB04_2024"]
[SourceDate "2023.10.16"]
[SourceVersion "1"]
[SourceVersionDate "2023.10.16"]
[SourceQuality "1"]

1. d4 Nf6 2. Bf4 e6 3. e3 d5 4. Nf3 c5 5. c3 Nc6 6. Nbd2 cxd4 7. exd4 Nh5 8. Be3 Bd6 9. g3 0-0 10. Bd3 f5 11. Ne5 Nf6 12. Ndf3 Qc7 13. Bf4 Ne4 14. Qe2 Bd7 15. 0-0 Be8 16. Nxc6 Bxf4 17. Nce5 Bh6 18. Nh4 Bg5 19. Ng2 Rb8 20. Bb5 Bxb5 21. Qxb5 Bf6 22. Nd7 a6 23. Qa4 b5 24. Nxf6+ Rxf6 25. Qxa6 Nd2 26. Rfd1 Nf3+ 27. Kf1 Qc4+ 0-1

[Event "Titled Tuesday intern op 16th Jan Late"]
[Site "Chess.com INT"]
[Date "2024.01.16"]
[Round "11"]
[White "Rostovtsev, Dmitry"]
[Black "Nakamura, Hikaru"]
[Result "0-1"]
[WhiteElo "2252"]
[BlackElo "2788"]
[PlyCount "104"]
[EventDate "2024.01.16"]
[EventType "swiss (blitz)"]
[EventRounds "11"]
[EventCountry "USA"]
[SourceTitle "CB04_2024"]
[SourceDate "2023.10.16"]
[SourceVersion "1"]
[SourceVersionDate "2023.10.16"]
[SourceQuality "1"]

1. e4 a6 2. d4 e6 3. Nf3 d5 4. exd5 exd5 5. Bd3 Bd6 6. 0-0 Nc6 7. Re1+ Nge7 8. c3 Bg4 9. h3 Bh5 10. b4 Bg6 11. a4 Qd7 12. Bxg6 hxg6 13. Nbd2 f6 14. Nb3 Kf7 15. Nc5 Bxc5 16. dxc5 g5 17. Be3 Ng6 18. c4 Nxb4 19. Qb3 a5 20. cxd5 Qxd5 21. Qc3 Qd3 22. Qb2 Qc2 23. Qa3 Rhd8 24. Rac1 Qd3 25. Qb2 Qd5 26. Red1 Qa2 27. Qc3 Kg8 28. Nd4 Ne7 29. Nb5 Ned5 30. Qe1 Qxa4 31. Nd4 Qe8 32. Qe2 a4 33. Qc4 Qf7 34. Nf5 Nxe3 35. Rxd8+ Rxd8 36. Nxe3 Nd3 37. Rd1 Qxc4 38. Nxc4 Rd7 39. c6 bxc6 40. Na5 c5 41. Nc4 Rd4 42. Na3 Ne5 43. Rc1 Rd3 44. Nb5 c4 45. Nc3 a3 46. Rc2 Nc6 47. Kh2 Nb4 48. Rc1 Rxc3 49. Rxc3 a2 50. Rc1 c3 51. Ra1 c2 52. Kg3 Nd3 0-1

[Event "Titled Tuesday intern op 24th Oct Late"]
[Site "Chess.com INT"]
[Date "2023.10.24"]
[Round "5"]
[White "Adewumi, Tanitoluwa"]
[Black "Rostovtsev, Dmitry"]
[Result "1-0"]
[WhiteElo "2295"]
[BlackElo "2218"]
[PlyCount "129"]
[EventDate "2023.10.24"]
[EventType "swiss (blitz)"]
[EventRounds "11"]
[EventCountry "USA"]
[SourceTitle "Mega2024 Update 01"]
[Source "Chessbase"]
[SourceDate "2023.11.12"]
[SourceVersion "1"]
[SourceVersionDate "2023.11.12"]
[SourceQuality "1"]

1. e4 c5 2. Nf3 Nc6 3. Bb5 e6 4. Bxc6 bxc6 5. b3 f6 6. 0-0 Ne7 7. Nh4 d5 8. d3 g6 9. Bb2 Bg7 10. f4 0-0 11. Nd2 a5 12. a4 Ba6 13. Kh1 Rb8 14. Qe1 Qd7 15. Rd1 Rbe8 16. Qf2 d4 17. Ba3 Qd6 18. Qg3 e5 19. f5 g5 20. Nhf3 Nc8 21. h4 h6 22. hxg5 hxg5 23. Kg1 Kf7 24. Kf2 Rh8 25. Rh1 Nb6 26. Qg4 Nd7 27. Rh5 Rxh5 28. Qxh5+ Kf8 29. Rh1 Qe7 30. Nf1 Qf7 31. Qh7 Ke7 32. Qg6 Rh8 33. Rxh8 Bxh8 34. Ng3 Bg7 35. Nh5 Bf8 36. g4 Bc8 37. Nxg5 fxg5 38. Qxc6 Kd8 39. Bc1 Be7 40. Bd2 Bf6 41. Bxa5+ Ke7 42. Qxc8 Kd6 43. Qb7 c4 44. Qc7+ Ke7 45. Bb4+ Ke8 46. Qc8+ Bd8 47. Qxc4 Qxc4 48. bxc4 Nb6 49. a5 Na4 50. a6 Bb6 51. Nf6+ Kd8 52. Nd5 Ba7 53. f6 Ke8 54. Ke2 Kf7 55. Kd1 Nb2+ 56. Kc1 Na4 57. Kb1 Nb6 58. Nxb6 Bxb6 59. c5 Ba7 60. c6 Bb6 61. a7 Bxa7 62. c7 Bb6 63. c8Q Bc5 64. Bxc5 Kxf6 65. Qf5+ 1-0

[Event "Titled Tuesday intern op 24th Oct Late"]
[Site "Chess.com INT"]
[Date "2023.10.24"]
[Round "2"]
[White "Taboas Rodriguez, Daniel"]
[Black "Rostovtsev, Dmitry"]
[Result "0-1"]
[WhiteElo "2368"]
[BlackElo "2218"]
[PlyCount "96"]
[EventDate "2023.10.24"]
[EventType "swiss (blitz)"]
[EventRounds "11"]
[EventCountry "USA"]
[SourceTitle "Mega2024 Update 01"]
[Source "Chessbase"]
[SourceDate "2023.11.12"]
[SourceVersion "1"]
[SourceVersionDate "2023.11.12"]
[SourceQuality "1"]

1. d4 d5 2. Nf3 Nf6 3. c4 e6 4. Bg5 Be7 5. e3 Nbd7 6. Nc3 c6 7. Bd3 dxc4 8. Bxc4 b5 9. Bd3 a6 10. 0-0 Bb7 11. Bxf6 gxf6 12. e4 c5 13. d5 c4 14. Bc2 Nc5 15. Qe2 Qb6 16. Rad1 0-0-0 17. dxe6 fxe6 18. e5 f5 19. Rxd8+ Rxd8 20. Rd1 Rxd1+ 21. Qxd1 b4 22. Na4 Nxa4 23. Bxa4 Bd5 24. Bc2 Bc5 25. Qe2 h6 26. Nd2 Qb5 27. b3 c3 28. Bd3 c2 29. Bxb5 c1Q+ 30. Qf1 Qxd2 31. Bxa6+ Kc7 32. Qe2 Qxe2 33. Bxe2 Bd4 34. g3 Bxe5 35. f4 Bd4+ 36. Kf1 Kd6 37. Bd3 Be4 38. Bxe4 fxe4 39. Ke2 Kd5 40. g4 Bf6 41. Ke3 Be7 42. h3 Bc5+ 43. Ke2 Kd4 44. h4 Bd6 45. g5 Bxf4 46. gxh6 Bxh6 47. h5 Kc3 48. Ke1 Kb2 0-1

[Event "RUS-ch Rapid"]
[Site "Sochi"]
[Date "2023.10.15"]
[Round "2"]
[White "Rostovtsev, Dmitry"]
[Black "Demidov, Mikhail"]
[Result "0-1"]
[WhiteElo "2218"]
[BlackElo "2562"]
[PlyCount "74"]
[EventDate "2023.10.15"]
[EventType "swiss (rapid)"]
[EventRounds "11"]
[EventCountry "RUS"]
[SourceTitle "Mega2024 Update 01"]
[Source "Chessbase"]
[SourceDate "2023.11.12"]
[SourceVersion "1"]
[SourceVersionDate "2023.11.12"]
[SourceQuality "1"]

1. Nf3 Nf6 2. b3 g6 3. Bb2 Bg7 4. g3 d5 5. c4 c6 6. Bg2 0-0 7. 0-0 Bg4 8. d3 Nbd7 9. Nbd2 Re8 10. h3 Bxf3 11. Nxf3 e6 12. Qc2 Nh5 13. Rac1 Bxb2 14. Qxb2 Qf6 15. Qa3 Qe7 16. Qa5 Nhf6 17. Rfe1 Qd8 18. Qb4 Qb6 19. Qc3 a5 20. a3 Rad8 21. b4 axb4 22. axb4 Ra8 23. Ra1 dxc4 24. dxc4 Qxf2+ 25. Kxf2 Ne4+ 26. Ke3 Nxc3 27. Rec1 Na2 28. Rcb1 Ra3+ 29. Kf2 Rea8 30. Rd1 Nc3 31. Rxd7 Ne4+ 32. Kg1 Rxa1+ 33. Kh2 R8a2 34. Nd4 e5 35. Bxe4 exd4 36. Bd3 Rd1 37. Rxd4 Rxe2+ 0-1

[Event "RUS-ch Blitz"]
[Site "Sochi"]
[Date "2023.10.14"]
[Round "8"]
[White "Rostovtsev, Dmitry"]
[Black "Drygalov, Andrey"]
[Result "1/2-1/2"]
[WhiteElo "2218"]
[BlackElo "2475"]
[PlyCount "92"]
[EventDate "2023.10.14"]
[EventType "swiss (blitz)"]
[EventRounds "13"]
[EventCountry "RUS"]
[SourceTitle "Mega2024 Update 01"]
[Source "Chessbase"]
[SourceDate "2023.11.12"]
[SourceVersion "1"]
[SourceVersionDate "2023.11.12"]
[SourceQuality "1"]

1. e4 e5 2. Nf3 Nc6 3. Nc3 Nf6 4. d4 exd4 5. Nxd4 Bb4 6. Nxc6 bxc6 7. Bd3 0-0 8. 0-0 d5 9. exd5 Bg4 10. f3 Bh5 11. dxc6 Qd4+ 12. Kh1 Bxc3 13. bxc3 Qxc3 14. Bf4 Qxc6 15. Re1 Bg6 16. Bxg6 hxg6 17. Be5 Rad8 18. Qe2 Rfe8 19. Qf2 a6 20. Bxf6 gxf6 21. h3 Qc3 22. Rxe8+ Rxe8 23. Rd1 Kg7 24. Qd2 Qc4 25. Qd3 Qxa2 26. Qc3 Re2 27. Ra1 Qxc2 28. Qxc2 Rxc2 29. Rxa6 f5 30. Kh2 Kf8 31. h4 Ke7 32. h5 gxh5 33. Rh6 Re2 34. Rxh5 Ke6 35. Rh6+ f6 36. Rh8 Kd5 37. Rd8+ Kc4 38. Kg3 Re6 39. Kf4 c5 40. Kxf5 Rb6 41. g4 Kc3 42. Rf8 c4 43. Rxf6 Rxf6+ 44. Kxf6 Kd3 45. g5 c3 46. g6 c2 1/2-1/2

[Event "RUS-ch Blitz"]
[Site "Sochi"]
[Date "2023.10.14"]
[Round "7"]
[White "Zakhartsov, Vladimir"]
[Black "Rostovtsev, Dmitry"]
[Result "0-1"]
[WhiteElo "2523"]
[BlackElo "2218"]
[PlyCount "118"]
[EventDate "2023.10.14"]
[EventType "swiss (blitz)"]
[EventRounds "13"]
[EventCountry "RUS"]
[SourceTitle "Mega2024 Update 01"]
[Source "Chessbase"]
[SourceDate "2023.11.12"]
[SourceVersion "1"]
[SourceVersionDate "2023.11.12"]
[SourceQuality "1"]

1. d4 d5 2. c4 e6 3. Nf3 Nf6 4. g3 h6 5. Bg2 Bd6 6. Nc3 Nc6 7. 0-0 0-0 8. b3 dxc4 9. bxc4 e5 10. e3 exd4 11. exd4 Re8 12. h3 Bf5 13. Bb2 Nb4 14. c5 Bf8 15. Qb3 a5 16. Ne5 Be6 17. Qd1 c6 18. a3 Nbd5 19. Re1 Qc7 20. Qc2 Nxc3 21. Bxc3 Bd5 22. Bf1 b5 23. cxb6 Qxb6 24. Rab1 Qc7 25. a4 Bd6 26. Ba1 Bb4 27. Re3 Rac8 28. Rc1 Qd6 29. Qd1 Rc7 30. h4 c5 31. Ng4 Rxe3 32. Nxe3 Be4 33. dxc5 Qxd1 34. Rxd1 Rxc5 35. Bb5 Nd5 36. Nxd5 Rxd5 37. Rc1 Bf3 38. Bc6 Rd1+ 39. Rxd1 Bxd1 40. Bd4 Kf8 41. f3 f6 42. Kf2 Ke7 43. Bb5 Kd6 44. h5 Bc5 45. Be3 Bxe3+ 46. Kxe3 Ke5 47. g4 f5 48. Bd7 f4+ 49. Kf2 Kd4 50. Be8 Kc3 51. Kg2 Kb4 52. g5 hxg5 53. Bd7 Bxa4 54. Be6 Bd1 55. Bd5 a4 56. Kh3 a3 57. Kg4 Bb3 58. Bxb3 Kxb3 59. Kxg5 a2 0-1

[Event "St Petersburg Blitz 2023"]
[Site "St Petersburg"]
[Date "2023.08.25"]
[Round "11"]
[White "Lysyj, Igor"]
[Black "Rostovtsev, Dmitry"]
[Result "1/2-1/2"]
[WhiteElo "2589"]
[BlackElo "2252"]
[PlyCount "122"]
[EventDate "2023.08.25"]
[EventType "game (blitz)"]
[EventRounds "11"]
[EventCountry "RUS"]
[SourceTitle "EXT 2024"]
[Source "ChessBase"]
[SourceDate "2023.10.10"]
[SourceVersion "1"]
[SourceVersionDate "2023.10.10"]
[SourceQuality "1"]

1. d4 Nf6 2. c4 e6 3. Nf3 d5 4. g3 h6 5. Bg2 Bd6 6. 0-0 0-0 7. Qc2 b6 8. a3 Bb7 9. c5 Be7 10. b4 a5 11. Bb2 axb4 12. axb4 Rxa1 13. Bxa1 bxc5 14. bxc5 Nc6 15. Nbd2 Ba6 16. Re1 Qa8 17. Bc3 Rb8 18. Ra1 Qb7 19. e3 Be2 20. Rb1 Qa6 21. Rxb8+ Nxb8 22. Ne5 Nbd7 23. Nxd7 Nxd7 24. Qb2 c6 25. h3 Bd8 26. Bf1 Bxf1 27. Nxf1 e5 28. dxe5 Nxc5 29. Qb8 Qb6 30. Qc8 Qc7 31. Qa8 Ne6 32. Nd2 Kh7 33. Nf3 Qd7 34. Qa6 c5 35. Qd6 Qxd6 36. exd6 f6 37. g4 Kg6 38. Nh4+ Kf7 39. Nf5 Ng5 40. h4 Ne4 41. Be1 g6 42. Nxh6+ Kg7 43. g5 fxg5 44. hxg5 Bxg5 45. Ng4 Nxd6 46. Bc3+ Kg8 47. Kf1 Ne4 48. Be1 Be7 49. f3 Nf6 50. Ne5 Kh7 51. Bc3 Ne8 52. Nd7 Kg8 53. Nb6 d4 54. exd4 Bf6 55. Nd5 Bxd4 56. Bxd4 cxd4 57. Ne7+ Kf7 58. Nc6 d3 59. Ne5+ Kf6 60. Nxd3 Kf5 61. Kf2 g5 1/2-1/2

[Event "St Petersburg Blitz 2023"]
[Site "St Petersburg"]
[Date "2023.08.25"]
[Round "9"]
[White "Ponkratov, Pavel"]
[Black "Rostovtsev, Dmitry"]
[Result "0-1"]
[WhiteElo "2595"]
[BlackElo "2252"]
[PlyCount "114"]
[EventDate "2023.08.25"]
[EventType "game (blitz)"]
[EventRounds "11"]
[EventCountry "RUS"]
[SourceTitle "EXT 2024"]
[Source "ChessBase"]
[SourceDate "2023.10.10"]
[SourceVersion "1"]
[SourceVersionDate "2023.10.10"]
[SourceQuality "1"]

1. e4 e5 2. Nf3 Nc6 3. Bb5 a6 4. Ba4 Nf6 5. 0-0 Be7 6. Re1 b5 7. Bb3 d6 8. a4 Bb7 9. d3 0-0 10. Bd2 h6 11. Nc3 b4 12. Ne2 Na5 13. Ba2 c5 14. Ng3 Bc8 15. c3 Nc6 16. Nh4 Nxe4 17. Nxe4 Bxh4 18. Bd5 Bb7 19. Qh5 Na5 20. Bxb7 Nxb7 21. cxb4 cxb4 22. Bxb4 Be7 23. Nc3 Nc5 24. Rad1 Rb8 25. Ba3 Re8 26. b4 Ne6 27. Nd5 Qd7 28. a5 Qa4 29. Bb2 Qb3 30. Nxe7+ Rxe7 31. Bc1 Qxb4 32. Bd2 Qd4 33. Be3 Qd5 34. Bb6 Qxg2+ 35. Kxg2 Nf4+ 36. Kf3 Nxh5 37. d4 Nf6 38. dxe5 dxe5 39. Rd6 Rc8 40. Be3 e4+ 41. Kg2 Re6 42. Rxe6 fxe6 43. Bd4 Rc4 44. Rd1 Nd5 45. Be5 Ra4 46. Rb1 Rxa5 47. Rb8+ Kh7 48. Rb7 Ne3+ 49. fxe3 Rxe5 50. Ra7 a5 51. h4 Kg6 52. Kg3 Rf5 53. Ra6 Rf3+ 54. Kg2 Kf6 55. Rxa5 Rxe3 56. h5 Rf3 57. Ra4 Rf5 0-1

[Event "St Petersburg Korchnoi Memorial op"]
[Site "St Petersburg"]
[Date "2023.08.21"]
[Round "5"]
[White "Pankov, Daniil"]
[Black "Rostovtsev, Dmitry"]
[Result "0-1"]
[WhiteElo "2033"]
[BlackElo "2253"]
[PlyCount "144"]
[EventDate "2023.08.18"]
[EventType "swiss"]
[EventRounds "9"]
[EventCountry "RUS"]
[SourceTitle "EXT 2024"]
[Source "ChessBase"]
[SourceDate "2023.10.10"]
[SourceVersion "1"]
[SourceVersionDate "2023.10.10"]
[SourceQuality "1"]

1. e4 c5 2. Nc3 e6 3. Nge2 a6 4. g3 b5 5. Bg2 Bb7 6. 0-0 Ne7 7. d3 d5 8. exd5 Nxd5 9. Nxd5 Bxd5 10. Bxd5 Qxd5 11. d4 Qb7 12. dxc5 Bxc5 13. Nd4 0-0 14. Qf3 Qa7 15. Nc6 Nxc6 16. Qxc6 Rac8 17. Qf3 b4 18. Bd2 Rfd8 19. Rad1 a5 20. Rfe1 Rd5 21. Be3 Rf5 22. Qe2 h5 23. Rd2 Re5 24. Rd3 Qc7 25. Rc1 Bxe3 26. Rxe3 Rc5 27. c3 h4 28. Qg4 hxg3 29. hxg3 Qd6 30. Rd1 Rd5 31. Ree1 bxc3 32. bxc3 Rxc3 33. Rxd5 Qxd5 34. Rd1 Rd3 35. Rxd3 Qxd3 36. Qa4 Qb1+ 37. Kh2 Qf5 38. Kg1 g5 39. Qe8+ Kg7 40. a4 Qd5 41. Qb5 Kg6 42. Qb1+ Qf5 43. Qd1 Qe4 44. Kh2 f6 45. Kg1 e5 46. Qb3 Kf5 47. Qc3 Qd5 48. Qc2+ Kg4 49. Qe2+ Qf3 50. Qd2 e4 51. Qd4 Kh3 52. Qd7+ f5 53. Qh7+ Kg4 54. Qe7 e3 55. fxe3 Qxg3+ 56. Kf1 Qf3+ 57. Kg1 Qd1+ 58. Kf2 Qxa4 59. Qc5 Qa2+ 60. Kf1 Qb1+ 61. Kf2 a4 62. Qd4+ Qe4 63. Qd1+ Kh4 64. Qd6 Qc2+ 65. Kg1 Kg4 66. Qd4+ Kf3 67. Qd5+ Qe4 68. Qd1+ Kxe3 69. Qc1+ Kf3 70. Qf1+ Kg4 71. Qa6 f4 72. Qa5 a3 0-1

[Event "St Petersburg Korchnoi Memorial op"]
[Site "St Petersburg"]
[Date "2023.08.21"]
[Round "6"]
[White "Rostovtsev, Dmitry"]
[Black "Zvjaginsev, Vadim"]
[Result "1/2-1/2"]
[WhiteElo "2253"]
[BlackElo "2578"]
[PlyCount "91"]
[EventDate "2023.08.18"]
[EventType "swiss"]
[EventRounds "9"]
[EventCountry "RUS"]
[SourceTitle "EXT 2024"]
[Source "ChessBase"]
[SourceDate "2023.10.10"]
[SourceVersion "1"]
[SourceVersionDate "2023.10.10"]
[SourceQuality "1"]

1. e4 c5 2. Nf3 d6 3. d4 cxd4 4. Qxd4 Nc6 5. Qd3 g6 6. Nc3 Bg7 7. Be2 Nf6 8. 0-0 0-0 9. Nd5 Nd7 10. c3 e6 11. Ne3 Nf6 12. Rd1 Qc7 13. Qxd6 Qxd6 14. Rxd6 Nxe4 15. Rd1 Rb8 16. Nc4 b5 17. Nd6 Nxd6 18. Rxd6 Ne7 19. Bf4 Rb7 20. Rad1 b4 21. Ba6 Rb6 22. Bxc8 Nxc8 23. Rd7 bxc3 24. bxc3 Rc6 25. Ne5 Rxc3 26. Ng4 h5 27. Nh6+ Bxh6 28. Bxh6 Re8 29. h4 Nb6 30. Rxa7 Nd5 31. Rb1 Rc7 32. Rxc7 Nxc7 33. a4 Nd5 34. a5 Ra8 35. Bd2 Ra7 36. Kf1 Kg7 37. Ke2 Kf6 38. Kd3 Ke5 39. g3 Kd6 40. Rb8 Kc7 41. Rb5 Kd6 42. Be3 Ra8 43. Bc5+ Ke5 44. Bd4+ Kf5 45. f3 f6 46. Bf2 1/2-1/2

[Event "St Petersburg Korchnoi Memorial op"]
[Site "St Petersburg"]
[Date "2023.08.19"]
[Round "2"]
[White "Rostovtsev, Dmitry"]
[Black "Sediki, Shapur"]
[Result "1-0"]
[WhiteElo "2253"]
[BlackElo "1402"]
[PlyCount "91"]
[EventDate "2023.08.18"]
[EventType "swiss"]
[EventRounds "9"]
[EventCountry "RUS"]
[SourceTitle "EXT 2024"]
[Source "ChessBase"]
[SourceDate "2023.10.10"]
[SourceVersion "1"]
[SourceVersionDate "2023.10.10"]
[SourceQuality "1"]

1. d4 Nf6 2. c4 c5 3. d5 e6 4. Nc3 exd5 5. cxd5 d6 6. e4 g6 7. Bd3 Bg7 8. h3 0-0 9. Nf3 b5 10. 0-0 a6 11. Bf4 Re8 12. Re1 Bb7 13. Qd2 Qb6 14. b3 Nbd7 15. Rac1 Re7 16. a4 b4 17. Nb1 Nh5 18. Bh2 Ne5 19. Nxe5 Bxe5 20. Bxe5 Rxe5 21. g4 Nf6 22. f4 c4+ 23. Qf2 Qxf2+ 24. Kxf2 Re7 25. Rxc4 a5 26. Rcc1 Kf8 27. Nd2 Nd7 28. g5 Rd8 29. Rc7 Nc5 30. Rxe7 Nxd3+ 31. Ke3 Kxe7 32. Kxd3 Ba6+ 33. Kd4 Rc8 34. Nc4 Bxc4 35. bxc4 Kd7 36. e5 Rc7 37. exd6 Kxd6 38. Re8 Re7 39. c5+ Kd7 40. Rb8 Re1 41. Rb7+ Kc8 42. c6 Rb1 43. d6 Rd1+ 44. Kc5 Rd3 45. d7+ Kd8 46. Rb8+ 1-0

[Event "Titled Tuesday intern op 23rd May Early"]
[Site "Chess.com INT"]
[Date "2023.05.23"]
[Round "2"]
[White "Han, Yichen"]
[Black "Rostovtsev, Dmitry"]
[Result "1-0"]
[WhiteElo "2413"]
[BlackElo "2264"]
[PlyCount "47"]
[EventDate "2023.05.23"]
[EventType "swiss (blitz)"]
[EventRounds "11"]
[EventCountry "USA"]
[SourceTitle "CBM 214 Extra"]
[Source "ChessBase"]
[SourceDate "2023.07.31"]
[SourceVersion "1"]
[SourceVersionDate "2023.07.31"]
[SourceQuality "1"]

1. d4 Nf6 2. c4 e6 3. Nc3 Bb4 4. Nf3 0-0 5. e3 d5 6. Bd2 b6 7. cxd5 exd5 8. Bd3 Bb7 9. Qc2 Re8 10. a3 Bf8 11. Ng5 g6 12. h4 Nc6 13. 0-0-0 Ng4 14. Nxh7 Nxf2 15. Nxf8 Rxf8 16. Bxg6 Nxd1 17. Nxd1 Ne7 18. Bd3 c5 19. Rh3 Rc8 20. Rg3+ Kh8 21. Bc3 c4 22. Qe2 Rc6 23. Qh5+ Rh6 24. Qxh6# 1-0

[Event "Titled Tuesday intern op 23rd May Early"]
[Site "Chess.com INT"]
[Date "2023.05.23"]
[Round "5"]
[White "Kleiman, Jake"]
[Black "Rostovtsev, Dmitry"]
[Result "1-0"]
[WhiteElo "2399"]
[BlackElo "2264"]
[PlyCount "85"]
[EventDate "2023.05.23"]
[EventType "swiss (blitz)"]
[EventRounds "11"]
[EventCountry "USA"]
[SourceTitle "CBM 214 Extra"]
[Source "ChessBase"]
[SourceDate "2023.07.31"]
[SourceVersion "1"]
[SourceVersionDate "2023.07.31"]
[SourceQuality "1"]

1. e4 c5 2. c3 Nf6 3. e5 Nd5 4. Bc4 Nb6 5. Bb3 Nc6 6. Nf3 d5 7. exd6 c4 8. Bc2 Bg4 9. Qe2 e6 10. Na3 Bxd6 11. Nxc4 Nxc4 12. Qxc4 Bxf3 13. gxf3 0-0 14. d4 Rc8 15. Qd3 g6 16. h4 Qc7 17. h5 Nb4 18. Qe2 Nxc2+ 19. Qxc2 Bf4 20. Bxf4 Qxf4 21. Qe4 Qf6 22. hxg6 fxg6 23. 0-0-0 b5 24. Rd3 b4 25. Re3 bxc3 26. bxc3 Rc7 27. Kd2 Rcf7 28. Ke2 Rb8 29. Kd3 e5 30. Qxe5 Qa6+ 31. c4 Rbb7 32. Qe8+ Kg7 33. Qe5+ Kg8 34. f4 Qa3+ 35. Ke4 Rbe7 36. Rxa3 Rxe5+ 37. dxe5 Re7 38. Rd3 Kg7 39. Rd6 Rf7 40. Rhd1 Rf5 41. Rd7+ Kh6 42. Rh1+ Rh5 43. Rxh5+ 1-0